Le processus démocratique malien de 1960 à nos jours /
Saved in:
| Corporate Authors: | , , |
|---|---|
| Format: | Book |
| Language: | French |
| Published: |
Bamako, Mali :
Editions Donniya,
[1995?]
|
| Subjects: | |
| Tags: |
Add Tag
No Tags, Be the first to tag this record!
|
| LEADER | 01236cam a2200301 a 4500 | ||
|---|---|---|---|
| 001 | 007788962-2 | ||
| 005 | 20040902105110.0 | ||
| 008 | 990507s1995 ml b 000 0 fre | ||
| 010 | |a 99204091 | ||
| 020 | |a 2911741021 | ||
| 035 | 0 | |a ocm42719585 | |
| 040 | |a DLC |c DLC | ||
| 043 | |a f-ml--- | ||
| 050 | 0 | 0 | |a JQ3389.A91 |b P76 1995 |
| 245 | 0 | 3 | |a Le processus démocratique malien de 1960 à nos jours / |c Coalition mondiale pour l'Afrique et Africa Leadership Forum, Centre d'études et de recherche sur [i.e.: pour] la démocratie et le développement économique et social. |
| 260 | |a Bamako, Mali : |b Editions Donniya, |c [1995?] | ||
| 300 | |a 218 p. ; |c 23 cm. | ||
| 504 | |a Includes bibliographical references (p. 217-218). | ||
| 500 | |a Errata slip inserted. | ||
| 650 | 0 | |a Democratization |z Mali |x History |y 20th century. | |
| 650 | 0 | |a Democracy |z Mali |x History |y 20th century. | |
| 650 | 0 | |a Elections |z Mali |x History |y 20th century. | |
| 651 | 0 | |a Mali |x Politics and government |y 20th century. | |
| 710 | 2 | |a Global Coalition for Africa. | |
| 710 | 2 | |a Africa Leadership Forum. | |
| 710 | 2 | |a Centre d'études et de recherche pour la démocratie et le développement économique et social (Bamako, Mali) | |
| 988 | |a 20040902 | ||
| 906 | |0 DLC | ||


